Largest Cities on the Black Sea - Statistics

General Stats
  • This quiz has been taken 72 times
  • The average score is 9 of 16
Answer Stats
# Population Country Answer % Correct
1 1,100,000 Ukraine Odessa
97%
3 485,386 Ukraine Sevastopol
92%
4 466,078 Russia Sochi
89%
6 310,664 Bulgaria Varna
89%
8 263,688 Romania Constanta
75%
12 189,741 Bulgaria Burgas
66%
5 425,681 Ukraine Mariupol
64%
13 169,095 Georgia Batumi
63%
2 639,930 Turkey Samsun
56%
7 293,661 Turkey Trabzon
56%
14 154,621 Ukraine Kerch
31%
16 122,555 Turkey Rize
28%
9 262,293 Russia Novorossiysk
27%
11 190,425 Turkey Ordu
25%
10 245,120 Russia Taganrog
23%
15 125,682 Turkey Giresun
16%
No matching quizzes found
Score Distribution
Percent of People with Each Score
Percentile by Number Answered
Your Score History
You have not taken this quiz